000 005440000a22002050004500
003 LK-CoMWRAF
005 20230916145347.0
008 230817t1979 ||||| |||| 00| 0 eng d
040 _aLK-CoMWRAF
_dLK-CoMWRAF
_eLK-CoMWRAF
041 _aeng
082 _a297.122
_bIRV
100 _aIrving, Thomas Ballentine
100 _aAhmad, Khurshid
100 _aAhsan, Muhammad Manazir
245 _aThe Qur'an :
_bBasic teachings
260 _aU.K. :
_bThe Islamic foundation,
_c1979
300 _a278p
650 _aQuran-Teachings
942 _cBK
999 _c1219
_d1219